Statistics for WWI... or WWII?

Click here to take the quiz!

General Stats

  • This quiz has been taken 98,732 times
  • The average score is 14 of 18

Answer Stats

QuestionAnswer% Correct
The war started with an assassinationWWI
97%
Japan and Germany were alliesWWII
95%
Germany captured ParisWWII
92%
Mussolini was the leader of ItalyWWII
92%
Japan invaded the PhilippinesWWII
91%
Trenches were a defining feature of the warWWI
88%
Had the higher death toll of the two warsWWII
87%
Mustard gas was commonly usedWWI
83%
Manfred von Richthofen was a famous pilotWWI
80%
T. E. Lawrence fought in the warWWI
79%
Allies delivered supplies to China using the "Burma Road"WWII
77%
Tanks were used for the first timeWWI
75%
The U.S. President at the start of the war died before it endedWWII
73%
There was a German offensive named the Battle of the BulgeWWII
72%
More than 1 million French soldiers diedWWI
67%
Zeppelins bombed LondonWWI
62%
The war is known in Russia as "The Great Patriotic War"WWII
57%
Germany made a proposal to Mexico that it invade the United StatesWWI
50%

Score Distribution

Percentile by Number Answered

Percent of People with Each Score

Your Score History

You have not taken this quiz